[Event "FICGS rapid M 000070 email"]
[Site "FICGS email"]
[Date "2014.01.28"]
[Round "1"]
[White "Skinner, Peter"]
[Black "Martinez, Chapo"]
[Result "1-0"]
[WhiteElo "2138"]
[BlackElo "2110"]
[PlyCount "51"]
[EventDate "2014.??.??"]
[EventType "tourn (rapid)"]
[EventRounds "6"]
[SourceTitle "Corr 2022"]
[Source "ChessBase"]
[SourceDate "2021.10.24"]
[SourceVersion "1"]
[SourceVersionDate "2021.10.24"]
[SourceQuality "1"]

1. d4 Nf6 2. c4 e6 3. Nc3 Bb4 4. e3 0-0 5. Bd3 d5 6. Nf3 c5 7. 0-0 Nc6 8. a3 Bxc3 9. bxc3 Qc7 10. cxd5 exd5 11. a4 Re8 12. Ba3 c4 13. Bc2 Bg4 14. Qe1 Bxf3 15. gxf3 Na5 16. Kh1 g6 17. f4 Nb3 18. Ra2 Qd7 19. f5 Nh5 20. f4 Nf6 21. Bb1 Ne4 22. fxg6 hxg6 23. f5 g5 24. h4 g4 25. Rg2 Kh8 26. f6 1-0

[Event "FICGS W-ch st1 g03 email"]
[Site "FICGS email"]
[Date "2012.11.01"]
[Round "1"]
[White "Kopasov, Evgeny Aleksandrovi"]
[Black "Martinez, Chapo"]
[Result "1/2-1/2"]
[WhiteElo "2133"]
[BlackElo "2030"]
[PlyCount "81"]
[EventDate "2012.??.??"]
[EventType "tourn (corr)"]
[EventRounds "8"]
[SourceTitle "Corr 2022"]
[Source "ChessBase"]
[SourceDate "2021.10.24"]
[SourceVersion "1"]
[SourceVersionDate "2021.10.24"]
[SourceQuality "1"]

1. d4 Nf6 2. c4 e6 3. Nf3 b6 4. g3 Ba6 5. b3 Bb4+ 6. Bd2 Be7 7. Nc3 0-0 8. Bg2 c6 9. e4 d5 10. exd5 cxd5 11. Ne5 Bb7 12. 0-0 Nc6 13. Bg5 Rc8 14. Rc1 Ba8 15. Nb5 a6 16. Nxc6 Rxc6 17. Nc3 Qc7 18. Qd2 dxc4 19. Bxc6 Qxc6 20. f3 Rd8 21. Ne2 b5 22. Qa5 h6 23. Bxf6 Bxf6 24. bxc4 bxc4 25. Qc3 Rc8 26. Rcd1 Qb5 27. Kg2 Qf5 28. Rf2 g5 29. Kf1 Qb5 30. Qc2 Qb6 31. Qc3 Qc6 32. Qc2 Bg7 33. g4 Qd6 34. Qc3 Qd7 35. Qa3 Bb7 36. Qe3 Rd8 37. h3 Bc6 38. Rd2 Qa7 39. Qc3 Bd5 40. Kg2 Qc7 41. Qc1 1/2-1/2

[Event "FICGS class A 000129 email"]
[Site "FICGS email"]
[Date "2012.10.28"]
[Round "1"]
[White "Cade, Stephen"]
[Black "Martinez, Chapo"]
[Result "1/2-1/2"]
[WhiteElo "2025"]
[BlackElo "2054"]
[PlyCount "109"]
[EventDate "2012.??.??"]
[EventType "tourn (corr)"]
[EventRounds "6"]
[SourceTitle "Corr 2022"]
[Source "ChessBase"]
[SourceDate "2021.10.24"]
[SourceVersion "1"]
[SourceVersionDate "2021.10.24"]
[SourceQuality "1"]

1. d4 Nf6 2. c4 e6 3. Nc3 Bb4 4. e3 0-0 5. Nge2 d5 6. a3 Be7 7. cxd5 exd5 8. Nf4 c6 9. Bd3 Bd6 10. 0-0 Re8 11. f3 Na6 12. Bc2 Bd7 13. Qd3 Bxf4 14. exf4 Qb6 15. Na4 Qb5 16. Qc3 Qc4 17. f5 Nc7 18. b3 Qxc3 19. Nxc3 Rac8 20. Bg5 h6 21. Bd2 b6 22. Rfe1 c5 23. dxc5 bxc5 24. Kf2 Rxe1 25. Rxe1 d4 26. Ne4 Nxe4+ 27. Bxe4 Nb5 28. Bf4 Bc6 29. Bd3 Nc3 30. Ba6 Rd8 31. Rc1 Bd5 32. Bc7 Re8 33. Bd6 Bxb3 34. Bxc5 Nd1+ 35. Kf1 Ne3+ 36. Kg1 Rd8 37. Bxa7 Nxg2 38. Kxg2 d3 39. Be3 d2 40. Bxd2 Rxd2+ 41. Kg3 Kf8 42. Rb1 Bd5 43. Rb5 Bc6 44. Rc5 Bd7 45. Bb7 Ke7 46. Be4 Rd4 47. Ra5 f6 48. Ra8 Kd6 49. Kf4 Rd2 50. h3 Ra2 51. a4 Rxa4 52. Rg8 Ra5 53. Rxg7 Be8 54. Rg8 Re5 55. Rh8 1/2-1/2

[Event "FICGS class A 000129 email"]
[Site "FICGS email"]
[Date "2012.10.28"]
[Round "1"]
[White "Martinez, Chapo"]
[Black "Kasznia, Ireneusz"]
[Result "1-0"]
[WhiteElo "2054"]
[BlackElo "2008"]
[PlyCount "125"]
[EventDate "2012.??.??"]
[EventType "tourn (corr)"]
[EventRounds "6"]
[SourceTitle "Corr 2022"]
[Source "ChessBase"]
[SourceDate "2021.10.24"]
[SourceVersion "1"]
[SourceVersionDate "2021.10.24"]
[SourceQuality "1"]

1. e4 c5 2. Nf3 Nc6 3. d4 cxd4 4. Nxd4 e5 5. Nb5 d6 6. N1c3 a6 7. Na3 b5 8. Nd5 Nf6 9. Bg5 Be7 10. Bxf6 Bxf6 11. c3 0-0 12. Nc2 Be6 13. a4 Bxd5 14. exd5 Ne7 15. Bd3 Qb6 16. axb5 axb5 17. Rxa8 Rxa8 18. 0-0 g6 19. Nb4 Bg7 20. Qe2 Ra5 21. Qe3 Qb7 22. g4 Ra8 23. Qe2 Rb8 24. Qf3 Ra8 25. g5 h6 26. h4 h5 27. Kh2 Ra5 28. Qe2 Qc8 29. f3 Qc5 30. Qf2 Kf8 31. Kg3 f5 32. Qxc5 dxc5 33. d6 cxb4 34. cxb4 Ra6 35. dxe7+ Kxe7 36. Bxb5 Rb6 37. Bc4 Rxb4 38. b3 Rb7 39. Re1 Ra7 40. Re2 Ra1 41. Kg2 Ra3 42. Rc2 Bf8 43. Bg8 Ra6 44. Rc5 Ra2+ 45. Kf1 Kd7 46. Rxe5 Bd6 47. Rd5 Ra1+ 48. Ke2 Kc6 49. Rd4 Ra7 50. Rc4+ Kb6 51. Bd5 Re7+ 52. Kd3 Bc5 53. b4 Bg1 54. Rc1 Re3+ 55. Kd2 Re5 56. Rxg1 Rxd5+ 57. Kc3 Re5 58. Rd1 Kc7 59. Kd4 Re6 60. Rc1+ Kd7 61. b5 Rd6+ 62. Kc5 Rd3 63. f4 1-0

[Event "FICGS W-ch st1 g10 email"]
[Site "FICGS email"]
[Date "2012.01.01"]
[Round "1"]
[White "Wolf, Bernd"]
[Black "Martinez, Chapo"]
[Result "1/2-1/2"]
[WhiteElo "2087"]
[BlackElo "2011"]
[PlyCount "53"]
[EventDate "2012.??.??"]
[EventType "tourn (corr)"]
[EventRounds "8"]
[SourceTitle "Corr 2022"]
[Source "ChessBase"]
[SourceDate "2021.10.24"]
[SourceVersion "1"]
[SourceVersionDate "2021.10.24"]
[SourceQuality "1"]

1. e4 c5 2. c3 Nf6 3. e5 Nd5 4. d4 cxd4 5. Nf3 Nc6 6. cxd4 d6 7. Bc4 Nb6 8. Bb5 dxe5 9. Nxe5 Bd7 10. Nxd7 Qxd7 11. Nc3 e6 12. 0-0 Rd8 13. Be3 Be7 14. Qb3 0-0 15. Rfd1 Qd6 16. Bd3 h6 17. Be4 Na5 18. Qc2 Nac4 19. Bxb7 Nxe3 20. fxe3 Nc4 21. Qe2 Qb4 22. Ba6 Nxb2 23. Rdc1 Na4 24. Ne4 Qa3 25. Rd1 Nc3 26. Nxc3 Qxc3 27. Rab1 1/2-1/2

[Event "FICGS class A 000112 email"]
[Site "FICGS email"]
[Date "2011.12.04"]
[Round "1"]
[White "Kasznia, Ireneusz"]
[Black "Martinez, Chapo"]
[Result "1/2-1/2"]
[WhiteElo "2036"]
[BlackElo "2017"]
[PlyCount "34"]
[EventDate "2011.??.??"]
[EventType "simul (corr)"]
[EventRounds "3"]
[SourceTitle "Corr 2022"]
[Source "ChessBase"]
[SourceDate "2021.10.24"]
[SourceVersion "1"]
[SourceVersionDate "2021.10.24"]
[SourceQuality "1"]

1. d4 Nf6 2. c4 e6 3. Nc3 Bb4 4. e3 0-0 5. Nf3 c5 6. Bd3 d5 7. 0-0 Nc6 8. a3 Bxc3 9. bxc3 Qc7 10. h3 dxc4 11. Bxc4 b6 12. Bb2 Bb7 13. Bd3 Na5 14. Ne5 Be4 15. Ba6 Bb7 16. Bd3 Be4 17. Ba6 Bb7 1/2-1/2

[Event "FICGS class A 000112 email"]
[Site "FICGS email"]
[Date "2011.12.04"]
[Round "1"]
[White "Morrow, Wolff"]
[Black "Martinez, Chapo"]
[Result "1/2-1/2"]
[WhiteElo "2257"]
[BlackElo "2017"]
[PlyCount "67"]
[EventDate "2011.??.??"]
[EventType "simul (corr)"]
[EventRounds "3"]
[SourceTitle "Corr 2022"]
[Source "ChessBase"]
[SourceDate "2021.10.24"]
[SourceVersion "1"]
[SourceVersionDate "2021.10.24"]
[SourceQuality "1"]

1. d4 Nf6 2. c4 e6 3. g3 d5 4. Nf3 dxc4 5. Bg2 a6 6. 0-0 Nc6 7. e3 Bd7 8. Qe2 b5 9. b3 cxb3 10. axb3 Be7 11. Bb2 0-0 12. Rc1 Nd5 13. Nc3 Ncb4 14. Ne4 f6 15. Nc5 Bxc5 16. Rxc5 a5 17. Ba3 c6 18. Qd2 Na6 19. Rcc1 Ndb4 20. Ne1 Qb6 21. Nc2 Nxc2 22. Qxc2 Rfc8 23. Be4 h6 24. Bd6 Be8 25. Bg2 Qd8 26. Ba3 Nc7 27. Bxc6 Bxc6 28. Qxc6 Qd5 29. Bd6 Ne8 30. Qxc8 Rxc8 31. Rxc8 Kf7 32. Bc5 Qxb3 33. Ra8 a4 34. Ra7+ 1/2-1/2

[Event "FICGS rapid A 000114 email"]
[Site "FICGS email"]
[Date "2011.09.09"]
[Round "1"]
[White "Kapoor, Lalit"]
[Black "Martinez, Chapo"]
[Result "1-0"]
[WhiteElo "2091"]
[BlackElo "1994"]
[PlyCount "113"]
[EventDate "2011.??.??"]
[EventType "tourn (rapid)"]
[EventRounds "1"]
[SourceTitle "Corr 2022"]
[Source "ChessBase"]
[SourceDate "2021.10.24"]
[SourceVersion "1"]
[SourceVersionDate "2021.10.24"]
[SourceQuality "1"]

1. e4 c5 2. Nf3 d6 3. d4 cxd4 4. Nxd4 Nf6 5. Nc3 a6 6. Bg5 e6 7. f4 Qc7 8. Qf3 b5 9. Bxf6 gxf6 10. e5 d5 11. exf6 b4 12. Nce2 Nd7 13. g4 Nxf6 14. 0-0-0 Bb7 15. Kb1 h6 16. h4 Ne4 17. Bh3 Bc8 18. g5 hxg5 19. hxg5 Bg7 20. Bg2 Rxh1 21. Bxh1 Qe7 22. Ng3 Bxd4 23. Nxe4 Bg7 24. Ng3 Bb7 25. Qg4 Rc8 26. Nh5 Bh8 27. f5 Qc5 28. Qe2 Qc4 29. Qd2 Kd7 30. Bf3 Be5 31. g6 fxg6 32. fxg6 Rg8 33. Qg5 Rc8 34. Qg2 Qh4 35. g7 Rg8 36. Qg6 Ke7 37. Bg4 Bc8 38. Rf1 Kd6 39. Qf7 Rxg7 40. Nxg7 Qxg4 41. Qf8+ Kc7 42. Qc5+ Kb8 43. Qb6+ Ka8 44. Ne8 Qe2 45. Rc1 Qc4 46. Nd6 Bxd6 47. Qxd6 Kb7 48. Rh1 Ka8 49. Qb6 e5 50. a3 d4 51. b3 Qb5 52. Qxb5 axb5 53. Re1 d3 54. cxd3 Bf5 55. Kc2 bxa3 56. Rxe5 a2 57. Re1 1-0

[Event "FICGS rapid A 000103 email"]
[Site "FICGS email"]
[Date "2011.04.17"]
[Round "1"]
[White "Martinez, Chapo"]
[Black "Riha, Josef"]
[Result "1/2-1/2"]
[WhiteElo "1955"]
[BlackElo "2027"]
[PlyCount "85"]
[EventDate "2011.??.??"]
[EventType "tourn (rapid)"]
[EventRounds "6"]
[SourceTitle "Corr 2013"]
[Source "ChessBase"]
[SourceDate "2012.11.12"]
[SourceVersion "1"]
[SourceVersionDate "2012.11.12"]
[SourceQuality "1"]

1. d4 Nf6 2. c4 e6 3. Nc3 Bb4 4. Qc2 0-0 5. a3 Bxc3+ 6. Qxc3 d5 7. Bg5 h6 8. Bh4 c5 9. dxc5 d4 10. Qc2 e5 11. e3 Qe7 12. Ne2 Nc6 13. b4 Rd8 14. Rd1 Be6 15. Bxf6 Qxf6 16. Ng3 dxe3 17. fxe3 Qg5 18. Kf2 Rxd1 19. Qxd1 Rd8 20. Qc2 f5 21. h4 Qe7 22. Qc3 f4 23. exf4 exf4 24. Ne2 Qf7 25. Nc1 Rd1 26. Nd3 Qf5 27. Rh3 Qe4 28. Rf3 g5 29. hxg5 hxg5 30. Be2 Rh1 31. Qf6 Qd4+ 32. Qxd4 Nxd4 33. Nxf4 gxf4 34. Rxf4 Nxe2 35. Kxe2 Kg7 36. Kd3 Rd1+ 37. Kc3 Rc1+ 38. Kb3 Kg6 39. b5 Kg5 40. Rd4 Kf6 41. Rh4 Ke5 42. a4 b6 43. cxb6 1/2-1/2

[Event "FICGS W-ch st1 g15 email"]
[Site "FICGS email"]
[Date "2011.04.15"]
[Round "1"]
[White "Martinez, Chapo"]
[Black "Cavaille, Cedric"]
[Result "1-0"]
[WhiteElo "1955"]
[BlackElo "969"]
[PlyCount "55"]
[EventDate "2011.??.??"]
[EventType "tourn (corr)"]
[EventRounds "8"]
[SourceTitle "Corr 2013"]
[Source "ChessBase"]
[SourceDate "2012.11.12"]
[SourceVersion "1"]
[SourceVersionDate "2012.11.12"]
[SourceQuality "1"]

1. e4 c5 2. Nf3 d6 3. d4 cxd4 4. Nxd4 Nf6 5. Nc3 a6 6. Bc4 e5 7. Nf3 Be7 8. 0-0 b5 9. Bd5 Nxd5 10. Nxd5 Be6 11. a4 bxa4 12. c4 0-0 13. Qxa4 Qe8 14. Qxe8 Rxe8 15. Nc7 Bxc4 16. Nxa8 Bxf1 17. Kxf1 Bd8 18. Be3 Nc6 19. Rxa6 Bf6 20. Nc7 Nb4 21. Rb6 Bd8 22. Nxe8 f6 23. Rxb4 Kf7 24. Nxd6+ Ke6 25. Bc5 Ba5 26. Rb7 g6 27. Nf5 gxf5 28. Re7# 1-0

[Event "FICGS W-ch st1 g15 email"]
[Site "FICGS email"]
[Date "2011.04.15"]
[Round "1"]
[White "Martinez, Chapo"]
[Black "Maceda, Coco"]
[Result "1-0"]
[WhiteElo "1955"]
[BlackElo "1924"]
[PlyCount "35"]
[EventDate "2011.??.??"]
[EventType "tourn (corr)"]
[EventRounds "8"]
[SourceTitle "Corr 2013"]
[Source "ChessBase"]
[SourceDate "2012.11.12"]
[SourceVersion "1"]
[SourceVersionDate "2012.11.12"]
[SourceQuality "1"]

1. d4 Nf6 2. c4 g6 3. Nc3 Bg7 4. e4 d6 5. Nf3 0-0 6. Be2 e5 7. 0-0 Nc6 8. d5 Ne7 9. h3 Nd7 10. Be3 f5 11. Bg5 h6 12. Be3 b6 13. Qc1 Kh7 14. Qc2 Nc5 15. Bxc5 bxc5 16. a3 fxe4 17. Nxe4 a5 18. Rad1 1-0

[Event "FICGS W-ch st1 g15 email"]
[Site "FICGS email"]
[Date "2011.04.15"]
[Round "1"]
[White "Vasquez, Fernando Jose Pinto"]
[Black "Martinez, Chapo"]
[Result "0-1"]
[WhiteElo "1964"]
[BlackElo "1955"]
[PlyCount "156"]
[EventDate "2011.??.??"]
[EventType "tourn (corr)"]
[EventRounds "8"]
[SourceTitle "Corr 2013"]
[Source "ChessBase"]
[SourceDate "2012.11.12"]
[SourceVersion "1"]
[SourceVersionDate "2012.11.12"]
[SourceQuality "1"]

1. e4 c5 2. d4 cxd4 3. c3 dxc3 4. Nxc3 Nc6 5. Nf3 d6 6. Bc4 a6 7. 0-0 Nf6 8. Be2 e6 9. Bf4 Be7 10. Qb3 0-0 11. Rfd1 Qc7 12. Rac1 Qb8 13. h3 b5 14. a4 e5 15. Bd2 bxa4 16. Qxa4 Bd7 17. Qa2 Nb4 18. Qb3 a5 19. Bg5 Rc8 20. Nh2 h6 21. Bxf6 Bxf6 22. Bg4 a4 23. Qa3 Bxg4 24. Nxg4 Bg5 25. Ne3 Rc6 26. Rd2 Bxe3 27. fxe3 Qb6 28. Kf2 Ra6 29. Rcd1 Qc5 30. Nd5 Nxd5 31. exd5 Qxa3 32. bxa3 Rc3 33. Rd3 Rb3 34. e4 Rab6 35. Rxb3 Rxb3 36. Rc1 Kf8 37. Rc8+ Ke7 38. Rc7+ Ke8 39. Rc8+ Kd7 40. Ra8 Rxa3 41. Ra7+ Kc8 42. Rxf7 Ra2+ 43. Kf3 g6 44. Rf6 Kc7 45. Rf7+ Kb6 46. Rd7 Ra3+ 47. Kf2 Kc5 48. Rc7+ Kd4 49. Rc6 Kxe4 50. Rxd6 Ra2+ 51. Kg3 a3 52. Rxg6 Kxd5 53. Rxh6 e4 54. Ra6 Kd4 55. Rd6+ Ke5 56. Ra6 Ra1 57. Ra8 a2 58. Kf2 Kd5 59. Rd8+ Kc6 60. Rc8+ Kb7 61. Rc2 Rf1+ 62. Kxf1 a1Q+ 63. Ke2 Qg1 64. Rc3 Qxg2+ 65. Ke1 Kb6 66. h4 Kb5 67. h5 Kb4 68. Re3 Kc4 69. Ra3 Kd4 70. Ra8 Qc2 71. Kf1 Ke3 72. Kg1 Kf3 73. Rf8+ Kg3 74. Rg8+ Kh3 75. Kf1 e3 76. Rg3+ Kxg3 77. Ke1 Qd2+ 78. Kf1 Qf2# 0-1

[Event "FICGS class B 000144 email"]
[Site "FICGS email"]
[Date "2011.04.13"]
[Round "1"]
[White "Martinez, Chapo"]
[Black "Wolf, Bernd"]
[Result "0-1"]
[WhiteElo "1955"]
[BlackElo "1931"]
[PlyCount "102"]
[EventDate "2011.??.??"]
[EventType "tourn (corr)"]
[EventRounds "6"]
[SourceTitle "Corr 2013"]
[Source "ChessBase"]
[SourceDate "2012.11.12"]
[SourceVersion "1"]
[SourceVersionDate "2012.11.12"]
[SourceQuality "1"]

1. d4 Nf6 2. c4 e6 3. Nc3 Bb4 4. Qc2 0-0 5. a3 Bxc3+ 6. Qxc3 b6 7. Bg5 Bb7 8. e3 d6 9. Ne2 Nbd7 10. Qc2 c5 11. Rd1 Qe7 12. Nc3 cxd4 13. Rxd4 Rfd8 14. f3 h6 15. Bh4 Ne5 16. Be2 Ng6 17. Bf2 d5 18. cxd5 Nxd5 19. Nxd5 Bxd5 20. 0-0 e5 21. Rdd1 Rac8 22. Qa4 Kh7 23. Rc1 f5 24. Qb5 Qe6 25. Rfe1 e4 26. f4 Bb7 27. Bc4 Bd5 28. Bf1 Qf7 29. Qb4 Be6 30. Ba6 Rc7 31. a4 Rd5 32. Rxc7 Qxc7 33. g4 Ne7 34. gxf5 Bxf5 35. b3 Qd7 36. Bb5 Qe6 37. Rc1 a5 38. Qc3 Bh3 39. Bg3 Rc5 40. Bc4 Qc6 41. Qd2 Be6 42. Be1 Bxc4 43. Rxc4 Rxc4 44. bxc4 Qxa4 45. Qd4 Qc2 46. Qxb6 a4 47. Qb4 Qe2 48. Bf2 Qd1+ 49. Kg2 Ng6 50. Qa5 Qe2 51. Kg1 a3 0-1

[Event "FICGS rapid A 000097 email"]
[Site "FICGS email"]
[Date "2011.01.07"]
[Round "1"]
[White "Domingo Gadea, Jordi"]
[Black "Martinez, Chapo"]
[Result "1/2-1/2"]
[WhiteElo "2004"]
[BlackElo "1918"]
[PlyCount "73"]
[EventDate "2011.??.??"]
[EventType "tourn (rapid)"]
[EventRounds "6"]
[SourceTitle "Corr 2013"]
[Source "ChessBase"]
[SourceDate "2012.11.12"]
[SourceVersion "1"]
[SourceVersionDate "2012.11.12"]
[SourceQuality "1"]

1. e4 c5 2. Nf3 d6 3. c3 Nf6 4. Be2 g6 5. 0-0 Bg7 6. Bb5+ Bd7 7. Bxd7+ Nfxd7 8. d4 0-0 9. Be3 Nc6 10. Qe2 cxd4 11. cxd4 Rc8 12. Nc3 e6 13. Rad1 a6 14. d5 Nce5 15. Nxe5 Nxe5 16. Bd4 b5 17. f4 Nc4 18. Bxg7 Kxg7 19. Rd3 b4 20. Nd1 Qb6+ 21. Kh1 Qb5 22. b3 Nb6 23. dxe6 fxe6 24. Qe3 Nd7 25. Kg1 Rc6 26. Nb2 Kg8 27. Rfd1 Rc2 28. R3d2 Rxd2 29. Qxd2 Qc5+ 30. Kh1 Nf6 31. Qxd6 Qxd6 32. Rxd6 Nxe4 33. Rxe6 Rxf4 34. h3 a5 35. Nc4 a4 36. Rb6 Nf2+ 37. Kh2 1/2-1/2

[Event "FICGS class B 000135 email"]
[Site "FICGS email"]
[Date "2011.01.07"]
[Round "1"]
[White "Dyson, John"]
[Black "Martinez, Chapo"]
[Result "1/2-1/2"]
[WhiteElo "1800"]
[BlackElo "1918"]
[PlyCount "131"]
[EventDate "2011.??.??"]
[EventType "tourn (corr)"]
[EventRounds "6"]
[SourceTitle "Corr 2013"]
[Source "ChessBase"]
[SourceDate "2012.11.12"]
[SourceVersion "1"]
[SourceVersionDate "2012.11.12"]
[SourceQuality "1"]

1. c4 e5 2. g3 Nf6 3. Bg2 d5 4. cxd5 Nxd5 5. Nc3 Nb6 6. Nf3 Nc6 7. 0-0 Be7 8. a3 0-0 9. b4 Be6 10. Rb1 f6 11. d3 Nd4 12. Nd2 c6 13. Nde4 Nd5 14. e3 Nxc3 15. Nxc3 Nf5 16. Na4 Bf7 17. Qc2 Nd6 18. Rd1 f5 19. Bb2 Bf6 20. Nc5 Qc7 21. a4 a5 22. Bc3 axb4 23. Bxb4 Rfd8 24. a5 Nb5 25. Rdc1 Rdc8 26. Nxb7 Qxb7 27. Bxc6 Qxc6 28. Qxc6 Rxc6 29. Rxc6 Be8 30. Rb6 Bd8 31. Re6 Bf6 32. Rc1 Kf7 33. Rb6 Bd8 34. Rb7+ Kf6 35. Bf8 g6 36. Bg7+ Ke6 37. Rc5 Bc7 38. f4 exf4 39. exf4 Bd7 40. d4 Bxa5 41. d5+ Kd6 42. Rbxb5 Bxb5 43. Rxb5 Kd7 44. Be5 Ra7 45. Kf2 Bc7 46. h3 Bd6 47. Ke2 Ra2+ 48. Kf1 Ra7 49. h4 Bc7 50. Kg2 Bd8 51. Rb8 Ra2+ 52. Kf3 h5 53. Rb7+ Kc8 54. Rb3 Rd2 55. Ke3 Rxd5 56. Rb8+ Kd7 57. Rb7+ Kc6 58. Rg7 Bb6+ 59. Ke2 Rb5 60. Rxg6+ Kd5 61. Rf6 Rb3 62. Rxf5 Ke4 63. Rf6 Bg1 64. Rg6 Re3+ 65. Kd2 Bf2 66. Re6 1/2-1/2